书目信息 |
| 题名: |
"三个代表"重要思想全书
|
|
| 作者: | 李忠杰 主编 | |
| 分册: | 2 | |
| 出版信息: | 北京 光明日报出版社 |
|
| 页数: | 610页 | |
| 开本: | 29cm | |
| 丛书名: | ||
| 单 册: | ||
| 中图分类: | D26 | |
| 科图分类: | ||
| 主题词: | 中国共产党 | |
| 电子资源: | ||
| ISBN: | 7-80106-086-5 | |
| 000 | 00570nam0 2200193 450 | |
| 001 | 0655790288 | |
| 005 | 20060113154537.43 | |
| 010 | @a7-80106-086-5@dCNY172.50 | |
| 100 | @a20060113d km y0chiy0120 ea | |
| 101 | 0 | @achi |
| 102 | @aCN@b110000 | |
| 200 | 1 | @a"三个代表"重要思想全书@A"san ge dai biao"zhong yao si xiang quan shu@h2@f李忠杰主编@Fli zhong jie zhu bian |
| 210 | @a北京@c光明日报出版社 | |
| 215 | @a610页@d29cm | |
| 606 | 0 | @a中国共产党 |
| 690 | @aD26@v3 | |
| 701 | 0 | @a李忠杰@Ali zhong jie@4主编 |
| 801 | 0 | @aCN@bPFT@c20060113 |
| 905 | @a10447@dD26@eL340:2 | |
| "三个代表"重要思想全书.2/李忠杰主编.-北京:光明日报出版社 |
| 610页;29cm |
| ISBN 7-80106-086-5:CNY172.50 |
| ● |
| 相关链接 |
|
|
|
正题名:"三个代表"重要思想全书
索取号:D26/L340:2
 
预约/预借
| 序号 | 登录号 | 条形码 | 馆藏地/架位号 | 状态 | 备注 |
| 1 | 442688 | 204426889 | 社科库509/509社科库 69排2列6层/ [索取号:D26/L340:2] | 在馆 |